000 01356pam a22003374a 4500
001 12785105
003 PILC
005 20150112093437.0
008 020522s2002 enka b 001 0 eng
010 _a 2002072360
015 _aGBA1-U3308
020 _a0471497703 (pbk. : alk. paper)
035 _a(OCoLC)ocm48531347
040 _aDLC
_cDLC
_dIG#
_dUKM
_dDLC
042 _apcc
050 0 0 _aHF 5415.2
_b.B161 2002
082 0 0 _aMkSF 658.8321
_bB16 2002
100 1 _aBaines, Paul,
_d1973-
_916549
245 1 0 _aIntroducing marketing research /
_cPaul Baines, Bal Chansarkar.
260 _aChichester, West Sussex ;
_aNew York :
_bJ. Wiley & Sons,
_c2002.
300 _a350 pages :
_billustration ;
_c24 cm.
504 _aIncludes bibliographical references and index.
650 0 _aMarketing research.
_914197
700 1 _aChansarkar, B. A.
_916550
856 4 2 _3Contributor biographical information
_uhttp://www.loc.gov/catdir/bios/wiley043/2002072360.html
856 4 2 _3Publisher description
_uhttp://www.loc.gov/catdir/description/wiley036/2002072360.html
856 4 1 _3Table of contents
_uhttp://www.loc.gov/catdir/toc/wiley023/2002072360.html
906 _a7
_bcbc
_corignew
_d1
_eocip
_f20
_gy-gencatlg
942 _2lcc
_cBK
999 _c14605
_d14605